LIBRARY ONLINE CATALOGUE

The Psychology of economic decisions. vol. 1 : (Record no. 5253)

MARC details
000 -LEADER
fixed length control field 00707nam a22002172 4500
001 - CONTROL NUMBER
control field 0000001430
005 - DATE AND TIME OF LATEST TRANSACTION
control field 20151217151817.0
008 - FIXED-LENGTH DATA ELEMENTS--GENERAL INFORMATION
fixed length control field 070312s xx 000 0 eng d
020 ## - INTERNATIONAL STANDARD BOOK NUMBER
International Standard Book Number 0199257221 :
Terms of availability KES 3,600
040 ## - CATALOGING SOURCE
Original cataloging agency KABU
Transcribing agency KABU
050 #0 - LIBRARY OF CONGRESS CALL NUMBER
Classification number HB74
Item number .P8P79
245 14 - TITLE STATEMENT
Title The Psychology of economic decisions. vol. 1 :
Remainder of title reasons and choices /
Statement of responsibility, etc. ed. by Isabelle Brocas and Juan D. Carrillo.
260 ## - PUBLICATION, DISTRIBUTION, ETC. (IMPRINT)
Place of publication, distribution, etc. Oxford :
Name of publisher, distributor, etc. OUP,
Date of publication, distribution, etc. 2004.
300 ## - PHYSICAL DESCRIPTION
Extent xxvi, 231 p.
650 #0 - SUBJECT ADDED ENTRY--TOPICAL TERM
Topical term or geographic name as entry element Economics
General subdivision Psychological aspects.
-- 0000150169
700 1# - ADDED ENTRY--PERSONAL NAME
Personal name Brocas, Isabelle.
-- 0000150170
700 1# - ADDED ENTRY--PERSONAL NAME
Personal name Carrillo, Juan D.
-- 0000150171
908 ## - PUT COMMAND PARAMETER (RLIN)
Put command parameter 070312
950 ## - LOCAL HOLDINGS (RLIN)
-- 1
Holdings
Withdrawn status Lost status Source of classification or shelving scheme Not for loan Home library Current library Date acquired Total Checkouts Full call number Barcode Date last seen Price effective from Koha item type
    Library of Congress Classification   Kabarak, Main Campus Kabarak, Main Campus 17/12/2015   HB74 .P8P79 001163 02/08/2024 17/12/2015 General Collection